00385ntaaa2200157 45000030003000000050017000030080021000200400037000410820017000781000018000952450017001132500010001302600043001403000010001835000034001930120251027201819.00714s1973 ag 01  aAR-BaBNbspacAR-BaBNeaacrdRIC a244.0000 B88 aBunyan, John  aThe holy war a1 ed. aChicago : bMoody Press, c1682, c1948 a378 p aIncluye biografía del autor